| 000 | 00692nam a2200229Ia 4500 | ||
|---|---|---|---|
| 003 | GCL | ||
| 008 | 140319s9999 xx 000 0 ara d | ||
| 040 |
_aGCL / _cGCL |
||
| 082 | 0 | 4 |
_aد _b050 _bد م |
| 100 | 1 | _aدار الاوبرا | |
| 245 | 1 | 0 |
_aمجلة الاوبرا / _cدار الاوبرا |
| 700 | 1 | _aالاوبرا | |
| 260 |
_a[S.N] : _bدار الاوبرا |
||
| 300 | _a89 | ||
| 490 |
_aالمكتبة العربية للدراسات التربوية _v0 |
||
| 650 | 0 | 4 | _aالفنون المسرحية |
| 650 | 0 | 4 | _aالفنون |
| 650 | 0 | 4 | _aالاوبرا |
| 650 | 0 | 4 | _aالفنون الشعبية |
| 650 | 0 | 4 | _aالفنون السينمائية |
| 942 |
_2ddc _cCF |
||
| 999 |
_c27023 _d27023 |
||